Giáo trình phương pháp số : Dùng cho sinh viên ngành công nghệ thông tin

Nội dung cung cấp các kiến thức cơ bản về xấp xỉ, sai số, các phương pháp số trong đại số tuyến tính, các phép nội suy và hội quy, cách tính gần đúng các biểu thức như đạo hàm, tích phân, tìm nghiệm gần đúng của phương trình phi tuyến,...

Szczegółowa specyfikacja

Zapisane w:
Opis bibliograficzny
Format: Książka
Język:Undetermined
Wydane: Hà Nội Bưu điện 2007
Hasła przedmiotowe:
Etykiety: Dodaj etykietę
Nie ma etykietki, Dołącz pierwszą etykiete!
Thư viện lưu trữ: Trung tâm Học liệu Trường Đại học Cần Thơ
LEADER 01056nam a2200205Ia 4500
001 CTU_114177
008 210402s9999 xx 000 0 und d
020 |c 57000 
082 |a 515 
082 |b Gi108 
245 0 |a Giáo trình phương pháp số : 
245 0 |b Dùng cho sinh viên ngành công nghệ thông tin 
245 0 |c Phan Đăng Cầu, Phan Thị Hà biên soạn 
260 |a Hà Nội 
260 |b Bưu điện 
260 |c 2007 
520 |a Nội dung cung cấp các kiến thức cơ bản về xấp xỉ, sai số, các phương pháp số trong đại số tuyến tính, các phép nội suy và hội quy, cách tính gần đúng các biểu thức như đạo hàm, tích phân, tìm nghiệm gần đúng của phương trình phi tuyến, phương trình vi phân 
650 |a Mathematical analysis 
904 |i Tuyến (sửa số pl 515/C125 thành 515/Gi108) 
980 |a Trung tâm Học liệu Trường Đại học Cần Thơ